Fill In A Borderless US Map - Statistics

General Stats
  • This quiz has been taken 909 times
  • The average score is 45 of 50
Answers on the Map
Answers color-coded by a green-red scale on the quiz's map according to % correct below.
 
Answer Stats
US State % Correct
California
96%
Washington
95%
Florida
94%
Nevada
94%
New York
94%
Alabama
93%
Arizona
93%
New Mexico
93%
North Dakota
93%
Oregon
93%
South Dakota
93%
Texas
93%
Colorado
92%
Georgia
92%
Idaho
92%
Utah
92%
Arkansas
91%
Maine
91%
Michigan
91%
Mississippi
91%
Montana
91%
North Carolina
91%
Ohio
91%
South Carolina
91%
Virginia
91%
West Virginia
91%
Illinois
90%
Indiana
90%
Kansas
90%
Louisiana
90%
Kentucky
89%
Oklahoma
89%
Wyoming
89%
Iowa
88%
Missouri
88%
Pennsylvania
88%
Tennessee
88%
Minnesota
87%
Nebraska
87%
New Hampshire
87%
Alaska
86%
Maryland
86%
Rhode Island
86%
Vermont
86%
Wisconsin
86%
Delaware
85%
Hawaii
85%
Connecticut
84%
New Jersey
84%
Massachusetts
82%
No matching quizzes found
Score Distribution
Percent of People with Each Score
Percentile by Number Answered
Your Score History
You have not taken this quiz